MARC details
| 000 -LEADER |
| campo de control de longitud fija |
01674cam a2200433 a 4500 |
| 001 - NÚMERO DE CONTROL |
| campo de control |
53904 |
| 005 - FECHA Y HORA DE LA ÚLTIMA TRANSACCIÓN |
| campo de control |
20230410120737.0 |
| 008 - DATOS DE LONGITUD FIJA--INFORMACIÓN GENERAL |
| campo de control de longitud fija |
060918s2006 fr a b 000 0 fre |
| 010 ## - NÚMERO DE CONTROL DE LA BIBLIOTECA DEL CONGRESO |
| Número de control de LC |
2006509457 |
| 035 ## - NÚMERO DE CONTROL DEL SISTEMA |
| Número de control de sistema |
(OCoLC)ocm72757905 |
| 040 ## - FUENTE DE CATALOGACIÓN |
| Centro catalogador/agencia de origen |
DLC |
| Centro/agencia transcriptor |
DLC |
| Centro/agencia modificador |
TZT |
| -- |
AUXAM |
| -- |
MUQ |
| 020 ## - NÚMERO INTERNACIONAL ESTÁNDAR DEL LIBRO |
| Número Internacional Estándar del Libro |
2735110915 |
| 020 ## - NÚMERO INTERNACIONAL ESTÁNDAR DEL LIBRO |
| Número Internacional Estándar del Libro |
9782735110919 |
| 029 1# - OTRO NÚMERO DE CONTROL DE SISTEMA (OCLC) |
| Identificador de la biblioteca OCLC |
TZT |
| Número de control de sistema |
JTL00187079 |
| 029 1# - OTRO NÚMERO DE CONTROL DE SISTEMA (OCLC) |
| Identificador de la biblioteca OCLC |
AUXAM |
| Número de control de sistema |
AAL0364590-0001 |
| 035 ## - NÚMERO DE CONTROL DEL SISTEMA |
| Número de control de sistema |
(OCoLC)72757905 |
| 043 ## - CÓDIGO DE ÁREA GEOGRÁFICA |
| Código de área geográfica |
s-bl--- |
| 050 14 - SIGNATURA TOPOGRÁFICA DE LA BIBLIOTECA DEL CONGRESO |
| Número de clasificación |
HV 4075 |
| Número de ítem |
V176f 2006 |
| 082 00 - NÚMERO DE LA CLASIFICACIÓN DECIMAL DEWEY |
| Número de clasificación |
981 |
| 100 1# - ENTRADA PRINCIPAL--NOMBRE DE PERSONA |
| Nombre de persona |
Valladares, Licia do Prado. |
| 245 13 - MENCIÓN DEL TÍTULO |
| Título |
La favela d'un siecle á l'autre : |
| Resto del título |
mythe d'origine, discours scientifiques et representations virtuelles / |
| Mención de responsabilidad, etc. |
Licia Valladares ; preface par Yves Grafmeyer. |
| 260 ## - PUBLICACIÓN, DISTRIBUCIÓN, ETC. |
| Lugar de publicación, distribución, etc. |
Paris : |
| Nombre del editor, distribuidor, etc. |
Maison des sciences de l'homme, |
| Fecha de publicación, distribución, etc. |
c2006. |
| 300 ## - DESCRIPCIÓN FÍSICA |
| Extensión |
229 p. : |
| Otras características físicas |
ill. (some col.) ; |
| Dimensiones |
23 cm. |
| 440 #0 - MENCIÓN DE SERIE/PUNTO DE ACCESO ADICIONAL--TÍTULO |
| Título |
Horizons americains |
| 504 ## - NOTA DE BIBLIOGRAFÍA, ETC. |
| Nota de bibliografía, etc. |
Includes bibliographical references (p. [185]-206). |
| 650 #0 - PUNTO DE ACCESO ADICIONAL DE MATERIA--TÉRMINO DE MATERIA |
| Término de materia o nombre geográfico como elemento de entrada |
Slums |
| Subdivisión geográfica |
Brazil |
| -- |
Rio de Janeiro |
| Subdivisión general |
History. |
| 650 #0 - PUNTO DE ACCESO ADICIONAL DE MATERIA--TÉRMINO DE MATERIA |
| Término de materia o nombre geográfico como elemento de entrada |
Sociology, Urban |
| Subdivisión geográfica |
Brazil |
| -- |
Rio de Janeiro. |
| 650 #0 - PUNTO DE ACCESO ADICIONAL DE MATERIA--TÉRMINO DE MATERIA |
| Término de materia o nombre geográfico como elemento de entrada |
Urban poor |
| Subdivisión geográfica |
Brazil |
| -- |
Rio de Janeiro. |
| 653 ## - TÉRMINO DE INDIZACIÓN--NO CONTROLADO |
| Término no controlado |
Social history |
| -- |
Brazil |
| -- |
20th-21st century |
| 650 #6 - PUNTO DE ACCESO ADICIONAL DE MATERIA--TÉRMINO DE MATERIA |
| Término de materia o nombre geográfico como elemento de entrada |
Taudis |
| Subdivisión geográfica |
Bresil |
| -- |
Rio de Janeiro |
| Subdivisión general |
Histoire. |
| 650 #6 - PUNTO DE ACCESO ADICIONAL DE MATERIA--TÉRMINO DE MATERIA |
| Término de materia o nombre geográfico como elemento de entrada |
Sociologie urbaine |
| Subdivisión geográfica |
Bresil |
| -- |
Rio de Janeiro |
| Subdivisión general |
Histoire. |
| 650 #6 - PUNTO DE ACCESO ADICIONAL DE MATERIA--TÉRMINO DE MATERIA |
| Término de materia o nombre geográfico como elemento de entrada |
Pauvres en milieu urbain |
| Subdivisión geográfica |
Bresil |
| -- |
Rio de Janeiro. |
| 856 42 - LOCALIZACIÓN Y ACCESO ELECTRÓNICOS |
| Materiales especificados |
Más?... busque en WorldCat (solo desde FUNGLODE) |
| Identificador Uniforme de Recursos |
<a href="www.firstsearch.oclc.org/fsip">www.firstsearch.oclc.org/fsip</a> |
| 938 ## - |
| -- |
Jean Touzot Libraire Editeur |
| -- |
TOUZ |
| -- |
JTL00187079 |
| -- |
23 EUR |
| 938 ## - |
| -- |
Aux Amateurs de Livres |
| -- |
AUXA |
| -- |
AAL0364590-0001 |
| -- |
23,00 EUR |
| 942 ## - ELEMENTOS DE ENTRADA SECUNDARIOS (KOHA) |
| Fuente del sistema de clasificación o colocación |
Clasificación de Library of Congress |
| Tipo de ítem Koha |
|
| 946 ## - PROCESAMIENTO DE INFORMACIÓN LOCAL (OCLC) |
| a |
mfcruz |
| 994 ## - |
| -- |
C0 |
| -- |
DRFGD |